Turkmenistan - the burden of current agricultural policies

Salvato in:
Dettagli Bibliografici
Autore principale: Pastor, Gonzalo
Altri autori: Rooden, Ron van
Natura: Libro
Lingua:inglese
Pubblicazione: Washington International Monetary Fund 2000
Serie:IMF Working Paper WP/00/98
Soggetti:
Tags: Aggiungi Tag
Nessun Tag, puoi essere il primo ad aggiungerne!!

MARC

LEADER 00000nam a2200000 4500
001 c124264
005 20221221083834.4
041 0 |a eng 
044 |a US 
245 1 0 |a Turkmenistan - the burden of current agricultural policies  |c Gonzalo Pastor and Ron van Rooden 
264 1 |a Washington  |b International Monetary Fund  |c 2000 
300 |a 24 s. 
490 1 |a IMF Working Paper  |v WP/00/98 
830 0 |a IMF Working Paper  |v WP/00/98 
610 2 0 |a politika poľnohospodárska 
610 2 0 |a Turkménsko 
610 2 0 |a transformácia 
100 1 |a Pastor, Gonzalo 
700 1 |a Rooden, Ron van